| 000 | 00518nam a2200181Ia 4500 | ||
|---|---|---|---|
| 999 |
_c12801 _d12801 |
||
| 003 | OSt | ||
| 005 | 20201023125420.0 | ||
| 008 | 190216s9999||||xx |||||||||||||| ||und|| | ||
| 020 | _a0330253298 | ||
| 040 | _coclc | ||
| 082 |
_a823.914 _bHIG/L |
||
| 100 |
_aHiggins, Jack _94862 |
||
| 245 | 4 |
_aThe Last Place God Made / _cJack Higgins |
|
| 260 |
_bWilliam Collins Sons , _c1971. _aLondon: |
||
| 300 | _a190p | ||
| 650 | _aEnglish Literature | ||
| 942 |
_cBK _2ddc _h823.914 _iHIG/L _k823.914 _mHIG/L |
||